000 00351nam a2200157Ia 4500
003 OSt
005 20240311161803.0
008 170524s9999 xx 000 0 und d
020 _a8170355842
040 _cIIMTU MEERUT
100 _aKhetarpaul-Neelam
245 0 _aFood Microbiology
260 _bDaya Pub.House
260 _c2006
942 _2ddc
_c02
999 _c7359
_d7359